LEADER 01358nam0-2200361---450- 001 990009590830403321 005 20120618144124.0 035 $a000959083 035 $aFED01000959083 035 $a(Aleph)000959083FED01 035 $a000959083 100 $a20120614d2007----km-y0itay50------ba 101 0 $aita 102 $aIT 105 $aa---b---001yy 200 1 $aPiero della Francesca e la cultura prospettica$eBeato Angelico, Paolo Uccello, Domenico Veneziano, Vecchietta, Antoniazzo Romano, Melozzo da Forlė, Francesco di Giorgio Martini, Lorenzo da Viterbo, Bartolomeo della Gatta$fAlessandro Angelini$gcatalogo di Francesco Mori ed Elisabetta Neri 210 $aMilano$cIl Sole 24 ore$d2007$aFirenze$cE-ducation.it 215 $a359 p.$cin gran parte ill.$d29 cm 225 1 $a<>grandi maestri dell'arte$v12 300 $aIn custodia 300 $aEdizione speciale per il Sole 24 Ore, pubblicata su licenza di E-ducation.it 610 0 $aPiero della Francesca 676 $a759.5 700 1$aAngelini,$bAlessandro$0155328 702 1$aMori,$bFrancesco 702 1$aNeri,$bElisabetta 801 0$aIT$bUNINA$gRICA$2UNIMARC 901 $aBK 912 $a990009590830403321 952 $a759.5 PIE 13$b59913 Bibl.$fFLFBC 959 $aFLFBC 996 $aPiero della Francesca e la cultura prospettica$9249257 997 $aUNINA LEADER 00894nam0-2200313---450 001 990009639610403321 005 20250219094814.0 035 $a000963961 035 $aFED01000963961 035 $a(Aleph)000963961FED01 035 $a000963961 100 $a20121026g19849999km-y0itay50------ba 101 0 $aita 102 $aIT 105 $aa-------001yy 200 1 $aGuida artistica del Parmense$fGiuseppe Cirillo, Giovanni Godi 210 $aParma$cArtegrafica Silva$d1984- 215 $av.$cill.$d24 cm 610 0 $aParma $aGuide artistiche 676 $a914.544 700 1$aCirillo,$bGiuseppe$0140698 701 1$aGodi,$bGiovanni$f<1938- >$0399505 801 0$aIT$bUNINA$gRICA$2UNIMARC 901 $aBK 912 $a990009639610403321 952 $a914.54 CIRG 01$bBibl.59944$fFLFBC 959 $aFLFBC 996 $aGuida artistica del Parmense$9848227 997 $aUNINA